La migración urbana en Africa occidental

Saved in:
Bibliografiske detaljer
Hovedforfatter: Little, Kenneth (autor)
Format: Bog
Sprog:spansk
Udgivet: Barcelona Labor 1970
Serier:Nueva Colección Labor, 116
Fag:
Tags: Tilføj Tag
Ingen Tags, Vær først til at tagge denne postø!

MARC

LEADER 00000nam a2200000 a 4500
001 UCP6933
003 CL-VaPUC
008 991126e19700000SP |||||||||||||||||spa|d
082 0 4 |a 325.66  |b LIT  |2 21 
100 |a Little, Kenneth  |e autor  |9 436253 
245 1 3 |a La migración urbana en Africa occidental 
300 |a 156 p 
942 |c BK 
945 |d 19991126 00:00:00  |a crobeson 
260 |a Barcelona  |b Labor  |c 1970 
650 0 |a Inmigración  |9 268290 
650 7 |a MIGRACION URBANA  |2 CL-VaPUC  |9 382979 
650 0 |a Antropología cultural y social   |9 265143 
651 0 |a África  |9 256790 
583 |a last modification  |c 19991126 00:00:00  |k Rodrigo Vera 
490 0 |a Nueva Colección Labor, 116 
999 |c 284307  |d 284305 
952 |0 0  |1 0  |4 0  |6 325_660000000000000_LIT_1970  |7 0  |8 A  |9 328189  |a BIBHIS  |b BIBHIS  |d 2019-11-20  |i 1371541  |o 325.66 LIT 1970  |p 1371541  |r 2025-01-20  |w 2019-11-20  |y BK  |k HIS